35 Famous People from Serbia - Statistics

General Stats
  • This quiz has been taken 323 times
    173 since last reset
  • The average score is 18 of 35
Answer Stats
Hint Answer % Correct
The inventor of the modern electricity system Nikola Tesla
97%
Bosnian-Serb who shot and killed Archduke Franz Ferdinand Gavrilo Princip
81%
Tennis player who spent the most weeks as world No.1 in the history Novak Đoković
78%
NBA Most Valauble Player in 2021 and 2022 and champion in 2023 Nikola Jokić
77%
Serbian President who resigned in 2000 and was arrested in 2001 Slobodan Milošević
75%
Defender who played for Manchester United from 2006 to 2014 Nemanja Vidić
62%
Long time captain of the Yugoslavia national team, nicknamed "Piksi" Dragan Stojković
61%
Novelist who won the Nobel Prize in Literature in 1961 Ivo Andrić
61%
Stage name of folk singer Svetlana Ražnatović Ceca
60%
Serbian revolutionary who led the First Serbian Uprising Karađorđe
60%
NBA player of LA Lakers, Sacramento and Charlotte Vlade Divac
60%
One of the most important reformers of the modern Serbian language Vuk Stefanović Karadžić
60%
Singer who won the 2007 Eurovision Song Contest Marija Šerifović
58%
Medieval knight and the assassin of Sultan Murad Miloš Obilić
55%
Founder of the Nemanjić dynasty and the Grand Prince of Raška Stefan Nemanja
55%
Female tennis player who was world No. 1 and who won French Open in 2008 Ana Ivanović
53%
Prime Minister of Serbia who was assassinated in 2003 Zoran Đinđić
53%
Actor nicknamed "Bata", who acted in more than 340 films and TV series Velimir Bata Živojinović
52%
First Archbishop of the autocephalous Serbian Church Saint Sava
51%
Prince of Serbia who led Serbs in the Second Serbian uprising Miloš Obrenović
49%
Actor whose wife was the Serbian actress, Milena Dravić Dragan Nikolić
46%
Female long jumper, the 2023 World champion. Ivana Vuleta
45%
Scientist and a founding member of NASA Mihajlo Pupin
45%
Physicist and mathematician and the first wife of Albert Einstein Mileva Marić
45%
Director of movies Underground and Time of the Gypsies Emir Kusturica
42%
Composer and most important figure of Serbian musical romanticism Stevan Stojanović Mokranjac
42%
Director of the movie Montevideo, God Bless You! Dragan Bjelogrlić
40%
Female tennis who won 9 Grand Slam singles titles Monika Seleš
40%
Writer and author of the novel Death and the Dervish Meša Selimović
35%
Writer, philosopher, linguist and the first minister of education of Serbia Dositej Obradović
34%
Climatologist who gave fundamental contributions to global science Milutin Milanković
34%
Author of comedies The Cabinet Minister's Wife and A Suspicious Person Branislav Nušić
33%
Writer and author of The Journal of Čarnojević and Migrations Miloš Crnjanski
29%
Basketball player who was NBA Champion and 3-time NBA All-Star Predrag Stojaković
29%
Conceptual and performance artist. Her work explores body, and feminist art Marina Abramović
27%
No matching quizzes found
Score Distribution
Percent of People with Each Score
Percentile by Number Answered
Your Score History
You have not taken this quiz since the last reset